000 00779cam a22002533a 4500
001 6916
003 PGUSA
005 20140828083138.0
008 041101s2004||||xxu|||||s|||||000 | eng d
040 _aPGUSA
_beng
042 _adc
050 4 _aPR
100 1 _aTraill, H. D.
_q(Henry Duff),
_d1842-1900
245 1 0 _aEnglish Men of Letters :
_bColeridge
_h[electronic resource] /
_cH. D. Traill
260 _bProject Gutenberg,
_c2004
506 _aPublic domain in the USA.
516 _aElectronic text
653 _aCritics -- Great Britain -- Biography
653 _aPoets, English -- 19th century -- Biography
653 _aColeridge, Samuel Taylor, 1772-1834
830 0 _aProject Gutenberg
_v6916
856 4 0 _uhttp://www.gutenberg.org/ebooks/6916
942 _cEB
999 _c236236
_d236236